Agenda de escritura y ortografía /
Guardado en:
| Autor Principal: | |
|---|---|
| Formato: | Libro |
| Publicado: |
Buenos Aires :
Kapelusz,
1992
|
| Etiquetas: |
Agregar Etiqueta
Sin Etiquetas, Sea el primero en etiquetar este registro!
|
| LEADER | 01090nam a22002535a 4500 | ||
|---|---|---|---|
| 001 | CEM.cems006758 | ||
| 005 | 20060214000000.0 | ||
| 008 | 130507s1992##################000#0#####d | ||
| 003 | CEMS | ||
| 082 | 0 | 4 | |a 461 |
| 100 | 1 | |a Zerbi De Troisi, María R. | |
| 245 | 1 | 0 | |a Agenda de escritura y ortografía / |
| 260 | |a Buenos Aires : |b Kapelusz, |c 1992 | ||
| 300 | |a 1061 p. | ||
| 859 | |a CEMS |b BIB. CEMS - 11 de abril |h 461 |i R529/2 |p 16534.92 |t Ej.1 | ||
| 859 | |a CEMS |b BIB. CEMS - 11 de abril |h 461 |i R529/2 |p 16535.92 |t Ej.2 | ||
| 859 | |a CEMS |b BIB. CEMS - 11 de abril |h 461 |i R529/2 |p 16536.92 |t Ej.3 | ||
| 859 | |a CEMS |b BIB. CEMS - 11 de abril |h 461 |i R529/2 |p 16537.92 |t Ej.4 | ||
| 859 | |a CEMS |b BIB. CEMS - 11 de abril |h 461 |i R529/2 |p 16538.92 |t Ej.5 | ||
| 859 | |a CEMS |b BIB. CEMS - 11 de abril |h 461 |i R529/2 |p 16539.92 |t Ej.6 | ||
| 859 | |a CEMS |b BIB. CEMS - 11 de abril |h 461 |i R529/2 |p 16540.92 |t Ej.7 | ||
| 859 | |a CEMS |b BIB. CEMS - 11 de abril |h 461 |i R529/2 |p 16541.92 |t Ej.8 | ||
| 859 | |a CEMS |b BIB. CEMS - 11 de abril |h 461 |i R529/2 |p 16542.92 |t Ej.9 | ||
| 859 | |a CEMS |b BIB. CEMS - 11 de abril |h 461 |i R529/2 |p 16543.92 |t Ej.10 | ||
